| 000 | 01224nam a22002777a 4500 | ||
|---|---|---|---|
| 005 | 20100906104624.0 | ||
| 008 | 100906t xxu||||| |||| 00| 0 hin d | ||
| 010 | _aHIN-90405 | ||
| 020 |
_a8188266833 _c150.00 |
||
| 035 | _aHN-62751 | ||
| 037 | _bDBAD/PUN | ||
| 040 |
_aDPL _bHN |
||
| 082 | _a323.095137 | ||
| 100 |
_918464 _aमिश्र, सुभाष |
||
| 245 |
_aमानवाधिकार का मानवीय चेहरा / _cसुभाष मिश्र |
||
| 246 |
_aManavadhikar ka manveeya chehara _bby Subhash Mishra |
||
| 260 |
_aनई दिल्ली _bप्रतिभा प्रतिष्ठान _c2010 |
||
| 270 |
_a1661 दखनीराय स्ट्रीट, नेताजी सुभाष मार्ग _bनई दिल्ली _e110002 |
||
| 300 |
_a112पृ. _c22सेमी (सजिल्द) |
||
| 650 | _91169 | ||
| 650 | _918465 | ||
| 700 | _918865 | ||
| 700 | _918866 | ||
| 942 |
_2ddc _cHN _h323.095137 _mमिश्रसु |
||
| 999 |
_c44672 _d44672 |
||